Iktikaf

Bibliographic Details
Main Author: Nora
Format: Book
Published: Kuala Lumpur : DBP , 1994
Subjects:

MARC

LEADER 00000cam a2200000 7i4500
001 0000006672
002 000007194
005 20000330.0
020 |a 9836243860 
090 0 0 |a F   |b NOR 
100 0 |a Nora 
245 1 0 |a Iktikaf   |c Nora 
260 |a Kuala Lumpur :   |b DBP ,   |c 1994 
300 |a 258p. ;   |c 18cm. 
650 0 0 |a General fiction, Malay 
999 |a 039410   |b BUKU   |c PINJAMAN   |e PERPUSTAKAAN KOMUNITI PETALING JAYA